[Event "Challenge Frank"]
[Site "SchemingMind.com"]
[Date "2015.07.10"]
[Round "-"]
[White "Stephen Woodhouse"]
[Black "frankly"]
[Result "0-1"]
[WhiteCountry "ENG"]
[BlackCountry "ENG"]
[WhiteElo "1872"]
[WhiteRD "48"]
[BlackElo "2436"]
[BlackRD "60"]
[GameID "383052"]

1. e4 c5 2. c3 e6 3. d4 d5 4. exd5 exd5 5. Nf3 Be7 6. Bb5+ Bd7 7. Qe2 Nf6 8. Bxd7+ Nbxd7 9. O-O O-O 10. Bg5 Re8
11. Re1 Qb6 12. Qc2 Rac8 13. Nbd2 cxd4 14. Rab1 dxc3 15. bxc3 Qc7 16. Rbc1 h6 17. Bh4 Ba3 18. Rxe8+ Rxe8 19. Re1 Rxe1+ 20. Nxe1 Bc5
21. Nd3 Bb6 22. Bg3 Qc6 23. Ne5 Nxe5 24. Bxe5 Bxf2+ 25. Kxf2 Ng4+ 26. Ke2 Nxe5 27. Nf3 Qc4+ 28. Kf2 Nxf3 29. gxf3 d4 30. Qe4 Qxa2+
31. Kg3 dxc3 32. Qe8+ Kh7 33. Qe4+ g6
0-1

[Event "Challenge Frank"]
[Site "SchemingMind.com"]
[Date "2015.07.10"]
[Round "-"]
[White "frankly"]
[Black "Stephen Woodhouse"]
[Result "1-0"]
[WhiteCountry "ENG"]
[BlackCountry "ENG"]
[WhiteElo "2436"]
[WhiteRD "60"]
[BlackElo "1872"]
[BlackRD "48"]
[GameID "383053"]

1. d4 e6 2. e4 d5 3. Nc3 Nf6 4. Bg5 dxe4 5. Nxe4 Be7 6. Bxf6 Bxf6 7. Nf3 O-O 8. c3 Nd7 9. Bd3 e5 10. O-O exd4
11. cxd4 g6 12. Re1 c6 13. Rc1 Nb6 14. Bc2 Bg4 15. h3 Bxf3 16. Qxf3 Bg7 17. Rcd1 Nd5 18. Bb3 Nf6 19. h4 Nxe4 20. Rxe4 Qf6
21. Rf4 Qe7 22. d5 cxd5 23. Bxd5 Rab8 24. h5 b6 25. hxg6 hxg6 26. Rg4 Kh7 27. Qh3+ Bh6 28. Rh4 Qg5 29. f4
1-0